<?xml version="1.0" encoding="UTF-8"?>
<record
    xmlns:xsi="http://www.w3.org/2001/XMLSchema-instance"
    xsi:schemaLocation="http://www.loc.gov/MARC21/slim http://www.loc.gov/standards/marcxml/schema/MARC21slim.xsd"
    xmlns="http://www.loc.gov/MARC21/slim">

  <leader>00779nam a2200217 i 4500</leader>
  <datafield tag="999" ind1=" " ind2=" ">
    <subfield code="c">7760</subfield>
    <subfield code="d">7760</subfield>
  </datafield>
  <controlfield tag="001">991058478168306706</controlfield>
  <controlfield tag="003">OSt</controlfield>
  <controlfield tag="005">20230720105553.0</controlfield>
  <controlfield tag="006">m     o  d |      </controlfield>
  <controlfield tag="007">cr |||||||||||</controlfield>
  <controlfield tag="008">201029s2019    sp a    ob    000 0 spa d</controlfield>
  <datafield tag="040" ind1=" " ind2=" ">
    <subfield code="a">CDMR</subfield>
    <subfield code="c">CDMR</subfield>
    <subfield code="b">cat</subfield>
  </datafield>
  <datafield tag="110" ind1=" " ind2=" ">
    <subfield code="9">4868</subfield>
    <subfield code="a">Metroscopia</subfield>
  </datafield>
  <datafield tag="245" ind1="1" ind2="0">
    <subfield code="a">La inteligencia artificial en el periodismo :</subfield>
    <subfield code="b">sondeo de opini&#xF3;n : Junio 2023 [recurs electr&#xF2;nic] /</subfield>
    <subfield code="c"> Metroscopia</subfield>
  </datafield>
  <datafield tag="264" ind1=" " ind2="1">
    <subfield code="c">[2023]</subfield>
  </datafield>
  <datafield tag="300" ind1=" " ind2=" ">
    <subfield code="a">1 recurs electr&#xF2;nic (7 p&#xE0;gines)</subfield>
  </datafield>
  <datafield tag="650" ind1=" " ind2="0">
    <subfield code="a">Intel&#xB7;lig&#xE8;ncia artificial</subfield>
    <subfield code="9">4722</subfield>
    <subfield code="z">Espanya</subfield>
    <subfield code="v">Enquestes</subfield>
  </datafield>
  <datafield tag="650" ind1=" " ind2="0">
    <subfield code="a">Periodisme</subfield>
    <subfield code="9">2272</subfield>
    <subfield code="x">Innovacions tecnol&#xF2;giques</subfield>
    <subfield code="z">Espanya</subfield>
    <subfield code="v">Enquestes</subfield>
  </datafield>
  <datafield tag="856" ind1=" " ind2=" ">
    <subfield code="z">Acc&#xE9;s en l&#xED;nia</subfield>
    <subfield code="u">https://www.amic.media/media/files/file_352_3828.pdf</subfield>
  </datafield>
  <datafield tag="942" ind1=" " ind2=" ">
    <subfield code="2">udc</subfield>
    <subfield code="c">LLIBRE-E</subfield>
  </datafield>
  <datafield tag="952" ind1=" " ind2=" ">
    <subfield code="0">0</subfield>
    <subfield code="1">0</subfield>
    <subfield code="4">0</subfield>
    <subfield code="7">0</subfield>
    <subfield code="a">CDMR</subfield>
    <subfield code="b">CDMR</subfield>
    <subfield code="d">2023-07-20</subfield>
    <subfield code="e">Donaci&#xF3;</subfield>
    <subfield code="l">0</subfield>
    <subfield code="o">Disponible en l&#xED;nia</subfield>
    <subfield code="p">CDMR23070012</subfield>
    <subfield code="r">2023-07-20</subfield>
    <subfield code="w">2023-07-20</subfield>
    <subfield code="y">LLIBRE-E</subfield>
  </datafield>
</record>
